000 00776nam a22002411 4500
001 agr51000512
003 DLC
005 20260227111015.0
008 800124s1951 nyua 00010 eng c
010 _aagr51000512
040 _aU.S. Nat'l Agr. Libr.
050 0 _aSF239
_b.E38 1951
082 _a637
100 1 0 _aEckles, Clarence Henry,
_d1875-1933.
245 0 0 _aMilk and milk products;
_cprepared for the use of agriculture college students, by Clarence Henry Eckles, Willes Barnes Combs [and] Harold Macy.
250 _a4th ed.
260 0 _aNew York,
_bMcGraw-Hill,
_c1951.
300 _axiii, 454 p.
_billus.
_c24 cm.
490 0 _aMcGraw-Hill publications in the agricultural sciences
650 0 _aDairying.
650 0 _aMilk.
650 0 _aDairy products.
999 _c11370
_d11370